000 00684nam a22002417a 4500
999 _c38206
_d38206
001 8007
003 CO-MdFUSB
005 20180622073145.0
008 171122n[ ] xxu||||| |||| 00| 0 eng d
040 _aCO-MdFUSB
_bspa
_cCO-MdFUSB
_dCO-MdFUSBC
_erda
041 0 _aeng
082 0 4 _aG 226.5 B2441h
100 1 _aBarclay, William (1907-1978)
_eautor
245 4 _aThe Gospel of John
_c / William Barclay
250 _a2
264 1 _aPhiladelphia, USA :
_b Westminster,
_c[ ]
300 _a268 Pag
336 _2rdacontent
_atexto
_btxt
337 _2rdamedia
_asin mediación
_bn
338 _2rdacarrier
_avolumen
_bnc
653 _aBiblia N.T. - Juan - Comentarios
942 _cBK